| 000 | 00782nam a2200229 a 4500 | ||
|---|---|---|---|
| 999 |
_c1071 _d1071 |
||
| 001 | 1071 | ||
| 003 | BD-JhCC | ||
| 005 | 20171107170533.0 | ||
| 008 | 171014s2007 bg |||| ||a| 000 0 ben d | ||
| 020 | _a8172931026 | ||
| 035 | _a(BD-JhCC)1071 | ||
| 040 |
_aBD-JhCC _dBD-JhCC |
||
| 041 | _aben | ||
| 082 |
_a891.4409 _bBAN 1399 |
||
| 100 | _aবন্দোপাধ্যায়, বিভূতিভূষণ | ||
| 245 |
_aবিভূতি-রচনাবলী / _cবিভূতিভূষণ বন্দোপাধ্যায় |
||
| 260 |
_aকলিকাতা : _bমিত্র ও ঘোষ পাবলিশার্স, _c1399 |
||
| 300 |
_a389 p.; _c24 cm. |
||
| 650 |
_aBengali Literature _xcollective of essays |
||
| 942 |
_2ddc _cBK |
||